Score 0/10 Timer 03:00
0 Plays Today
Continent Capital City % Correct
North AmericaManagua
94.4%
EuropeAmsterdam
93.1%
AsiaPyongyang
93.1%
EuropeOslo
91.7%
AsiaKathmandu
88.9%
OceaniaWellington
87.5%
AfricaAbuja
86.1%
AfricaWindhoek
84.7%
AfricaNiamey
81.9%
OceaniaYaren
75%
Remove Ads.
Support Sporcle.
Get the best of Sporcle when you Go Orange. This ad-free experience offers more features, more stats, and more fun while also helping to support Sporcle. Thank you for becoming a member.

You're not logged in!

Compare scores with friends on all Sporcle quizzes.
OR
Log In

Show Comments

Extras

Top Quizzes Today


Score Distribution

Your Account Isn't Verified!

In order to create a playlist on Sporcle, you need to verify the email address you used during registration. Go to your Sporcle Settings to finish the process.

Report this User

Report this user for behavior that violates our Community Guidelines.

Details: